000
00269nam a2200097Ia 4500
008
230907s9999||||xx |||||||||||||| ||und||
082
_a
333.9539,IMP
245
4
_a
The impacts of biofuels on the economy, environment, and poverty :
300
_a
175 pages :
942
_c
BK
999
_c
597558
_d
597558